[Event "EU-ch qual Online"]
[Site "Tornelo INT"]
[Date "2020.12.18"]
[Round "9"]
[White "Wolagiewicz, Kinga"]
[Black "Lukasiewicz, Krzysztof"]
[Result "0-1"]
[WhiteElo "1791"]
[BlackElo "2359"]
[PlyCount "48"]
[EventDate "2020.12.18"]
[EventType "swiss"]
[EventRounds "11"]
[EventCountry "POL"]
[SourceTitle "CBM 199 Extra"]
[Source "ChessBase"]
[SourceDate "2021.01.31"]
[SourceVersion "1"]
[SourceVersionDate "2021.01.31"]
[SourceQuality "1"]

1. e4 c6 2. d4 d5 3. Nc3 dxe4 4. Nxe4 Bf5 5. Ng3 Bg6 6. Bc4 Nf6 7. N1e2 Nbd7 8. Nf4 Qc7 9. 0-0 e6 10. c3 Bd6 11. Qf3 0-0-0 12. a4 c5 13. dxc5 Bxc5 14. Bb3 Ne5 15. Qe2 Nd3 16. Nxg6 hxg6 17. Qf3 Ne5 18. Qe2 Neg4 19. h3 Qxg3 20. Bxe6+ fxe6 21. Qxe6+ Kb8 22. Bf4+ Qxf4 23. g3 Qxg3+ 24. Kh1 Qh2# 0-1

[Event "EU-ch qual Online"]
[Site "Tornelo INT"]
[Date "2020.12.18"]
[Round "2"]
[White "Wolagiewicz, Kinga"]
[Black "Ruperez Benito, Antonio"]
[Result "0-1"]
[WhiteElo "1791"]
[BlackElo "2363"]
[PlyCount "74"]
[EventDate "2020.12.18"]
[EventType "swiss"]
[EventRounds "11"]
[EventCountry "POL"]
[SourceTitle "CBM 199 Extra"]
[Source "ChessBase"]
[SourceDate "2021.01.31"]
[SourceVersion "1"]
[SourceVersionDate "2021.01.31"]
[SourceQuality "1"]

1. e4 e6 2. d4 d5 3. Nc3 Bb4 4. e5 c5 5. f4 Nc6 6. Nf3 Nge7 7. Be3 Nf5 8. Qd2 Qa5 9. a3 Bd7 10. Be2 Bxc3 11. bxc3 cxd4 12. cxd4 Nxe3 13. c3 Nc4 14. Bxc4 dxc4 15. 0-0 Qd5 16. Kh1 Ne7 17. Rab1 Bc6 18. Qf2 0-0-0 19. Rb4 Kb8 20. a4 a5 21. Rb2 Bxa4 22. Rb6 Bb3 23. Ra1 Nc8 24. Rd6 Nxd6 25. exd6 Rxd6 26. Ne5 Rf8 27. Ng4 Rb6 28. Ne3 Qe4 29. Rxa5 Qb1+ 30. Nf1 Bc2 31. d5 Bd3 32. Kg1 Qxf1+ 33. Qxf1 Bxf1 34. Kxf1 exd5 35. Rxd5 Re8 36. Rd4 Rb2 37. Rxc4 Ree2 0-1

[Event "EU-ch qual Online"]
[Site "Tornelo INT"]
[Date "2020.12.18"]
[Round "5"]
[White "Wolagiewicz, Kinga"]
[Black "Shohat, Yotam"]
[Result "0-1"]
[WhiteElo "1791"]
[BlackElo "2346"]
[PlyCount "110"]
[EventDate "2020.12.18"]
[EventType "swiss"]
[EventRounds "11"]
[EventCountry "POL"]
[SourceTitle "CBM 199 Extra"]
[Source "ChessBase"]
[SourceDate "2021.01.31"]
[SourceVersion "1"]
[SourceVersionDate "2021.01.31"]
[SourceQuality "1"]

1. e4 c5 2. Nf3 Nc6 3. d4 cxd4 4. Nxd4 Nf6 5. Nc3 d6 6. Be2 e6 7. Be3 Be7 8. 0-0 0-0 9. Kh1 Bd7 10. f4 Nxd4 11. Bxd4 Bc6 12. Bd3 Nd7 13. Qe1 e5 14. Be3 exf4 15. Bxf4 Ne5 16. Qg3 Bf6 17. Ne2 g6 18. Bh6 Re8 19. Nd4 Bh8 20. Rf2 Nxd3 21. Qxd3 Bxe4 22. Qc4 d5 23. Qb4 Qh4 24. Qd2 Bxd4 25. Rff1 Be5 26. Bf4 Bxf4 27. Rxf4 Qg5 28. Raf1 Re5 29. Qf2 Rf5 30. Rxf5 Qxf5 31. Qe1 Qe5 32. Qf2 Qe6 33. c3 Re8 34. b4 Bf5 35. a4 Qe2 36. Qg1 Be4 37. Rf2 Qd3 38. h3 Qxh3+ 39. Qh2 Qxc3 40. Qf4 f5 41. Qd6 Qc8 42. Qf6 Qe6 43. Qg5 Qe5 44. Qh6 Qa1+ 45. Kh2 Qg7 46. Qh3 Qe5+ 47. Kh1 d4 48. b5 d3 49. Qe3 Qa1+ 50. Kh2 Qe5+ 51. Rf4 g5 52. Qg3 Qxf4 53. Qxf4 gxf4 54. Kh3 d2 55. Kh4 d1Q 0-1

[Event "POL-ch U20 Girls"]
[Site "Pokrzywna"]
[Date "2020.12.05"]
[Round "8"]
[White "Hertlein, Irena"]
[Black "Wolagiewicz, Kinga"]
[Result "1-0"]
[WhiteElo "1893"]
[BlackElo "1791"]
[PlyCount "77"]
[EventDate "2020.11.30"]
[EventType "swiss"]
[EventRounds "9"]
[EventCountry "POL"]
[SourceTitle "CBM 199 Extra"]
[Source "ChessBase"]
[SourceDate "2021.01.31"]
[SourceVersion "1"]
[SourceVersionDate "2021.01.31"]
[SourceQuality "1"]

1. d4 d5 2. Bf4 Nf6 3. e3 e6 4. Nd2 Nbd7 5. Ngf3 c5 6. c3 b6 7. Bd3 Bb7 8. Ne5 Be7 9. Qf3 0-0 10. h4 cxd4 11. exd4 Re8 12. Qe2 Nxe5 13. dxe5 Nd7 14. Qh5 Nf8 15. Nf3 f6 16. 0-0-0 a5 17. Bb5 Nd7 18. Nd4 Bf8 19. Bd3 f5 20. Nxe6 Rxe6 21. Bxf5 Rg6 22. Bxg6 hxg6 23. Qxg6 Qe8 24. Qg3 b5 25. h5 b4 26. h6 bxc3 27. bxc3 Rc8 28. Rh4 Nb6 29. hxg7 Bxg7 30. Rg4 Qf8 31. Bh6 Rc7 32. e6 Re7 33. Rh1 Qf6 34. Qh3 Kf8 35. Bxg7+ Rxg7 36. Qh8+ Ke7 37. Qxg7+ Qxg7 38. Rxg7+ Kxe6 39. Rxb7 1-0

[Event "Suwalki Warakomska Memorial-B 1st"]
[Site "Suwalki"]
[Date "2017.08.18"]
[Round "9"]
[White "Lascar, Radoslawa"]
[Black "Wolagiewicz, Kinga"]
[Result "0-1"]
[WhiteElo "1778"]
[BlackElo "1611"]
[PlyCount "76"]
[EventDate "2017.08.11"]
[EventType "swiss"]
[EventRounds "9"]
[EventCountry "POL"]
[SourceTitle "CBM 180 Extra"]
[Source "ChessBase"]
[SourceDate "2017.10.06"]
[SourceVersion "1"]
[SourceVersionDate "2017.10.06"]
[SourceQuality "1"]

1. e4 c6 2. Nc3 d5 3. Nf3 dxe4 4. Nxe4 Nf6 5. Nxf6+ exf6 6. d4 Bd6 7. Be2 0-0 8. 0-0 Re8 9. c4 Bf5 10. Nh4 Bg6 11. Nxg6 hxg6 12. Bf3 Qc7 13. h3 Nd7 14. c5 Bf8 15. b4 a5 16. b5 cxb5 17. Qb3 b4 18. Qd5 b6 19. c6 Nb8 20. Be3 Na6 21. Qb5 f5 22. g3 Bd6 23. Kg2 Bxg3 24. fxg3 Rxe3 25. Rfe1 Rxe1 26. Rxe1 Qd8 27. Rd1 Qd6 28. Qxb6 Nc7 29. d5 g5 30. g4 fxg4 31. Bxg4 a4 32. Rd4 b3 33. Rd1 bxa2 34. Qb2 a3 35. Qxa2 Rb8 36. Rd2 Rb5 37. Qc4 Rb2 38. Qc3 Qxd5+ 0-1

[Event "POL-chT U20"]
[Site "Szczyrk"]
[Date "2017.07.28"]
[Round "7.12"]
[White "Siekanska, Maria"]
[Black "Wolagiewicz, Kinga"]
[Result "0-1"]
[WhiteElo "1183"]
[BlackElo "1675"]
[PlyCount "116"]
[EventDate "2017.07.22"]
[EventType "team-tourn"]
[EventRounds "9"]
[EventCountry "POL"]
[SourceTitle "EXT 2019"]
[Source "ChessBase"]
[SourceDate "2018.10.10"]
[SourceVersion "1"]
[SourceVersionDate "2018.10.10"]
[SourceQuality "1"]

1. d4 d5 2. c4 Nc6 3. Nf3 Bg4 4. e3 e6 5. Nc3 Nf6 6. cxd5 exd5 7. Be2 Bb4 8. a3 Bxc3+ 9. bxc3 0-0 10. 0-0 a6 11. c4 dxc4 12. Bxc4 Qd6 13. a4 a5 14. Be2 Rfe8 15. Rb1 b6 16. Bb2 Ne4 17. Nd2 Nxd2 18. Qxd2 Bxe2 19. Qxe2 Nxd4 20. Bxd4 Qxd4 21. Qc2 Qd6 22. Rfd1 Qe7 23. Rdc1 Ra7 24. Rb3 g6 25. Rc3 Rd8 26. Kf1 Rd7 27. Ke2 Qg5 28. Rd3 Qg4+ 29. Ke1 Rxd3 30. Qxd3 Qxa4 31. Qd8+ Kg7 32. Rxc7 Rxc7 33. Qxc7 Qa1+ 34. Ke2 b5 35. e4 b4 36. e5 Qa2+ 37. Ke3 Qd5 38. f4 b3 39. Qc3 Qe6 40. g4 Qb6+ 41. Kf3 b2 42. e6+ f6 43. g5 Qxe6 44. Qxb2 Qd5+ 45. Kf2 Qc5+ 46. Kf3 Qc6+ 47. Kf2 a4 48. Qa3 Qc2+ 49. Kg1 Qd1+ 50. Kf2 Qd4+ 51. Kg2 Qe4+ 52. Kg3 Qe1+ 53. Kg2 Qe4+ 54. Kg3 fxg5 55. fxg5 Qe5+ 56. Kh4 Qxh2+ 57. Kg4 Qh5+ 58. Kf4 Qh4+ 0-1

[Event "POL Olympiad U14 Girls"]
[Site "Drzonkow"]
[Date "2017.04.08"]
[Round "9"]
[White "Wolagiewicz, Kinga"]
[Black "Dylag, Emilia"]
[Result "0-1"]
[WhiteElo "1638"]
[BlackElo "1731"]
[PlyCount "78"]
[EventDate "2017.04.02"]
[EventType "swiss"]
[EventRounds "9"]
[EventCountry "POL"]
[SourceTitle "EXT 2020"]
[Source "ChessBase"]
[SourceDate "2019.10.17"]
[SourceVersion "1"]
[SourceVersionDate "2019.10.17"]
[SourceQuality "1"]

1. Nc3 d5 2. d4 c6 3. f3 g6 4. Bf4 Bg7 5. e3 Nf6 6. Bd3 Nbd7 7. Nge2 0-0 8. e4 dxe4 9. Nxe4 Nd5 10. c3 Nxf4 11. Nxf4 e5 12. dxe5 Nxe5 13. Bc2 Qb6 14. Rb1 f5 15. Ng3 Re8 16. Nfe2 Rd8 17. Qc1 Be6 18. a3 Kh8 19. h4 Bb3 20. Nd4 Bxc2 21. Qxc2 c5 22. Nde2 c4 23. Nc1 Bh6 24. Qe2 Re8 25. Kf1 Bxc1 26. Rxc1 Nd3 27. Qc2 Nxc1 28. Qxc1 Qd6 29. Rh3 Rad8 30. h5 Qd1+ 31. Qxd1 Rxd1+ 32. Kf2 Rd2+ 33. Kf1 Kg7 34. Rh4 b5 35. a4 a6 36. axb5 axb5 37. b3 cxb3 38. Rb4 b2 39. Rxb5 Rd1+ 0-1

[Event "POL-chT U20 1st League"]
[Site "Suchedniow"]
[Date "2016.07.24"]
[Round "2.12"]
[White "Wolagiewicz, Kinga"]
[Black "Slusarczyk, Milena"]
[Result "1-0"]
[WhiteElo "1579"]
[BlackElo "1444"]
[PlyCount "75"]
[EventDate "2016.07.23"]
[EventType "team-tourn"]
[EventRounds "9"]
[EventCountry "POL"]
[SourceTitle "EXT 2019"]
[Source "ChessBase"]
[SourceDate "2018.10.10"]
[SourceVersion "1"]
[SourceVersionDate "2018.10.10"]
[SourceQuality "1"]

1. e4 c5 2. Nf3 d6 3. d4 cxd4 4. Nxd4 Nf6 5. Nc3 a6 6. f3 e5 7. Nb3 Be7 8. Be3 0-0 9. Qd2 Be6 10. g4 d5 11. exd5 Nxd5 12. Nxd5 Bxd5 13. Qe2 b5 14. 0-0-0 Bg5 15. Kb1 Bxe3 16. Qxe3 Qd6 17. Bd3 Qc6 18. Bxh7+ Kxh7 19. Qd3+ e4 20. Qxd5 Qxd5 21. Rxd5 exf3 22. Rf5 Nc6 23. Rxf3 Ne5 24. Rg3 Rac8 25. Re1 Nc4 26. Rd3 Rfe8 27. Rc1 Re2 28. Rh3+ Kg6 29. Nd4 Re4 30. Nf3 Re3 31. Rg3 Rce8 32. b3 Ne5 33. Nh4+ Kg5 34. Rxe3 Kxh4 35. h3 f6 36. Rf1 Rd8 37. Rf5 Rh8 38. g5 1-0

[Event "POL-ch U12 Girls"]
[Site "Suwalki"]
[Date "2015.04.12"]
[Round "7.4"]
[White "Wolagiewicz, Kinga"]
[Black "Budkiewicz, Magdalena"]
[Result "0-1"]
[WhiteElo "1402"]
[BlackElo "1536"]
[PlyCount "140"]
[EventDate "2015.04.08"]
[EventType "swiss"]
[EventRounds "9"]
[EventCountry "POL"]
[SourceTitle "EXT 2023"]
[Source "ChessBase"]
[SourceDate "2022.10.05"]
[SourceVersion "1"]
[SourceVersionDate "2022.10.05"]
[SourceQuality "1"]

1. e4 c5 2. Nf3 d6 3. d4 cxd4 4. Nxd4 Nf6 5. Nc3 e6 6. Be2 Be7 7. Be3 0-0 8. 0-0 a6 9. a4 Qc7 10. Kh1 Bd7 11. f4 Nc6 12. Qe1 Rac8 13. Qg3 Kh8 14. f5 e5 15. Nb3 Nb4 16. Bd3 d5 17. Bg5 d4 18. Bxf6 Bxf6 19. Nd5 Nxd5 20. exd5 Rfe8 21. Nd2 Be7 22. Ne4 f6 23. b3 Bb4 24. Qh4 Rf8 25. Rf3 Qa5 26. d6 b5 27. Raf1 Bc6 28. Rh3 h6 29. Rff3 Bxe4 30. Qxe4 Bxd6 31. axb5 axb5 32. Qd5 Qb4 33. Qe4 Ra8 34. Qg4 Ra1+ 35. Rf1 Rfa8 36. Qe2 Rxf1+ 37. Qxf1 Ra2 38. Rf3 Qa3 39. Qe2 Ra1+ 40. Rf1 b4 41. Rxa1 Qxa1+ 42. Qf1 Qxf1+ 43. Bxf1 Kg8 44. Bd3 Kf7 45. Kg1 Ke7 46. Kf2 Kd7 47. Bc4 Kc6 48. h3 e4 49. g3 Bc5 50. Ke2 Kd6 51. Kf1 Ke5 52. Be6 d3 53. cxd3 exd3 54. Bc4 d2 55. Ke2 Kxf5 56. Kxd2 Bf2 57. g4+ Kf4 58. Bf1 g6 59. Ke2 Bc5 60. Kd3 f5 61. gxf5 gxf5 62. Kc4 Bf8 63. Kd3 Kf3 64. Kd2 Kf2 65. Bd3 f4 66. Be4 f3 67. Bxf3 Kxf3 68. h4 Kg4 69. Ke2 Kxh4 70. Kf3 Kg5 0-1

[Event "POL Olympiad U12 Girls"]
[Site "Spala"]
[Date "2014.12.30"]
[Round "4.7"]
[White "Kaniowska, Anna"]
[Black "Wolagiewicz, Kinga"]
[Result "1/2-1/2"]
[WhiteElo "1336"]
[BlackElo "1373"]
[PlyCount "137"]
[EventDate "2014.04.06"]
[EventType "swiss"]
[EventRounds "9"]
[EventCountry "POL"]
[SourceTitle "EXT 2023"]
[Source "ChessBase"]
[SourceDate "2022.10.05"]
[SourceVersion "1"]
[SourceVersionDate "2022.10.05"]
[SourceQuality "1"]

1. d4 d5 2. c4 e6 3. Nc3 Nf6 4. Bg5 Nbd7 5. Nf3 c6 6. e3 Qa5 7. Qd2 Bb4 8. Rc1 Ne4 9. Qc2 Qxa2 10. cxd5 exd5 11. Bd3 Nxc3 12. bxc3 Qxc2 13. Rxc2 Bd6 14. 0-0 0-0 15. Ra1 a6 16. Rb1 a5 17. Ra2 a4 18. Bh4 Re8 19. Bg3 Bxg3 20. hxg3 b5 21. Bc2 h6 22. Rb4 f6 23. Nd2 Bb7 24. Bxa4 Nb6 25. Bb3 Rxa2 26. Bxa2 Ra8 27. Bb1 Ra3 28. Rb3 Ra8 29. Kf1 Ba6 30. Ke1 Bc8 31. Bd3 Ra1+ 32. Ke2 Bg4+ 33. f3 Bd7 34. e4 Be6 35. Rb1 Ra2 36. Ke1 Na4 37. Rc1 Nb2 38. Be2 f5 39. e5 Ra3 40. Kf1 Na4 41. Nb1 Ra1 42. Bd3 Nb2 43. Bc2 Nc4 44. Ke2 Na3 45. Bd3 g5 46. f4 g4 47. Kd1 Nxb1 48. Bxb1 h5 49. Bd3 Ra2 50. Rc2 Ra1+ 51. Ke2 Rg1 52. Kf2 Ra1 53. Rb2 Ra3 54. Rc2 Bd7 55. Ke2 Kf7 56. Kd2 Ke6 57. Kc1 Ra1+ 58. Kb2 Ra4 59. Kb3 Ke7 60. Ra2 Rxa2 61. Kxa2 Be6 62. Kb3 Kd7 63. Kb4 Kc7 64. Kc5 Bd7 65. Bc2 Be6 66. Bb3 Bf7 67. Bc2 Be6 68. Bd3 Bd7 69. Bxb5 1/2-1/2